| 000 | 00401 a2200133 4500 | ||
|---|---|---|---|
| 005 | 20250505124646.0 | ||
| 020 | _a0-4000-4477-4 | ||
| 082 | _a823 NAR | ||
| 100 | _aNARAYAN, R. K. | ||
| 245 | _aMr Sampath: The Printer of Malgudi, the Financial Expert, Waiting for the Mahatma | ||
| 260 |
_aNew York, _bEveryman's Library, _c2006. |
||
| 300 |
_axxxviii, 578p. _bGlossary, _c22cm. |
||
| 942 |
_2ddc _cBKS |
||
| 999 |
_c1931 _d1931 |
||